[Event "MCR senioru 2014 - nad 70 let"]
[Site "?"]
[Date "2014.08.19"]
[Round "3.11"]
[White "Laszkiewicz, Jerzy"]
[Black "Kosek, Lubomir"]
[Result "1-0"]
[WhiteElo "1949"]
[BlackElo "1762"]
[Annotator "D"]
[PlyCount "49"]
[SourceDate "2014.08.18"]

1. e4 c6 2. d4 d5 3. exd5 cxd5 4. Bd3 Nc6 5. c3 Nf6 6. Bg5 e6 7. Nf3 Be7 8. O-O
Ne4 9. Bxe7 Qxe7 10. Bxe4 dxe4 11. Nfd2 f5 12. f3 e3 13. Nb3 O-O 14. f4 b6 15.
Qf3 Bb7 16. Qxe3 Rf6 17. N1d2 Rg6 18. Nf3 Re8 19. Rf2 Qd6 20. Re1 h6 21. Nbd2
Ba6 22. Ne5 Nxe5 23. Qxe5 Qd7 24. Qe3 Kf7 25. Nf3 1-0

[Event "MCR senioru 2014 - nad 70 let"]
[Site "?"]
[Date "2014.08.19"]
[Round "3.12"]
[White "Zikmund, Jaroslav"]
[Black "Walter, Jaroslav"]
[Result "1-0"]
[WhiteElo "1852"]
[BlackElo "1742"]
[Annotator "D"]
[PlyCount "55"]
[SourceDate "2014.08.18"]

1. d4 d5 2. c4 Nf6 3. cxd5 Qxd5 4. Nc3 Qa5 5. Bd2 Bg4 6. h3 Qh5 7. Qa4+ Bd7 8.
Qb3 Bc6 9. Nf3 Nbd7 10. Bf4 Nd5 11. g4 Qg6 12. Nxd5 Bxd5 13. Qxd5 Qb6 14. Qb3
Qa5+ 15. Bd2 Qa6 16. e4 Qc6 17. d5 Qf6 18. g5 Qg6 19. Qc4 Nb6 20. Qd4 Rd8 21.
Ne5 Qh5 22. h4 c5 23. Qe3 f6 24. Be2 Nxd5 25. Bxh5+ g6 26. Bxg6+ hxg6 27. exd5
Rxd5 28. Nxg6 1-0

[Event "MCR senioru 2014 - nad 70 let"]
[Site "?"]
[Date "2014.08.19"]
[Round "3.13"]
[White "Folta, Jaroslav"]
[Black "Matoulek, Jaroslav"]
[Result "1-0"]
[WhiteElo "1847"]
[BlackElo "1730"]
[Annotator "D"]
[PlyCount "137"]
[SourceDate "2014.08.18"]

1. d4 d5 2. Bf4 Nf6 3. e3 e6 4. Bd3 h6 5. h3 Nc6 6. c3 Bd6 7. Bxd6 Qxd6 8. Nf3
O-O 9. O-O Bd7 10. Nbd2 Ne7 11. Ne5 Nc6 12. f4 Ne8 13. Qf3 Nxe5 14. fxe5 Qe7
15. Qg3 c6 16. Rf4 f5 17. Rh4 Qg5 18. Qf2 h5 19. Rf1 g6 20. Nf3 Qh6 21. g4 Ng7
22. g5 Qh7 23. Rf4 a6 24. Nh4 a5 25. c4 b5 26. b3 b4 27. Qd2 Rfb8 28. Rb1 Kf7
29. e4 Qg8 30. exf5 exf5 31. Nf3 Ne6 32. Rh4 Qh7 33. Kh2 a4 34. Rg1 axb3 35.
axb3 Rb7 36. Bxf5 Rba7 37. Bxe6+ Bxe6 38. Qf4+ Bf5 39. e6+ Kxe6 40. Re1+ Be4
41. Qf6+ Kd7 42. Ne5+ Ke8 43. Qxc6+ Kd8 44. Rf4 Ra2+ 45. Kg3 Bf5 46. Qxd5+ Kc8
47. Qc5+ Qc7 48. Qf8+ Qd8 49. Qxd8+ Kxd8 50. Nc6+ Kd7 51. Nxb4 R2a3 52. Re3 Rb8
53. Nd5 Raxb3 54. Rxb3 Rxb3+ 55. Rf3 Rxf3+ 56. Kxf3 Bxh3 57. Kf4 Kd6 58. Nf6
Bf5 59. c5+ Kc6 60. Nxh5 Kd5 61. Ng3 Bd3 62. Ke3 Bb1 63. Ne2 Bf5 64. Nf4+ Kc6
65. Kd2 Kb5 66. Kc3 Kc6 67. Kc4 Be4 68. d5+ Kd7 69. Kd4 1-0

[Event "MCR senioru 2014 - nad 70 let"]
[Site "?"]
[Date "2014.08.19"]
[Round "3.14"]
[White "Jedlicka, Eduard"]
[Black "Kudera, Jiri"]
[Result "0-1"]
[WhiteElo "1688"]
[BlackElo "1843"]
[Annotator "D"]
[PlyCount "50"]
[SourceDate "2014.08.18"]

1. d4 f5 2. c4 e6 3. Nf3 Nf6 4. Nc3 Bb4 5. a3 Bxc3+ 6. bxc3 b6 7. g3 Bb7 8. Bg2
O-O 9. O-O d6 10. Qb3 Qe8 11. Rd1 Nbd7 12. Be3 Ng4 13. Nh4 Bxg2 14. Kxg2 Nxe3+
15. fxe3 Nf6 16. Nf3 Ng4 17. Rd3 Kh8 18. h3 Nf6 19. Rg1 Qh5 20. Qd1 Ne4 21. Qe1
Rf6 22. Kh2 Rh6 23. Qf1 g5 24. a4 Nf2 25. Nxg5 Nxd3 0-1

[Event "MCR senioru 2014 - nad 70 let"]
[Site "?"]
[Date "2014.08.19"]
[Round "3.15"]
[White "Neubauer, Vilem"]
[Black "Labik, Jaroslav"]
[Result "1-0"]
[WhiteElo "1829"]
[BlackElo "1605"]
[Annotator "D"]
[PlyCount "124"]
[SourceDate "2014.08.18"]

1. f4 d5 2. g3 g6 3. Bg2 Bg7 4. Nf3 Nf6 5. O-O O-O 6. d3 c6 7. Nc3 Qc7 8. e4
dxe4 9. dxe4 Rd8 10. Qe1 Nbd7 11. e5 Ne8 12. e6 Nb6 13. exf7+ Kxf7 14. Ng5+ Kg8
15. h3 h6 16. Ne6 Bxe6 17. Qxe6+ Kh7 18. Be4 Nf6 19. Bd3 Rf8 20. h4 Qd6 21. Qe2
h5 22. Kg2 e6 23. Ne4 Qe7 24. Nxf6+ Qxf6 25. Qxh5+ Bh6 26. Qg4 Kg7 27. h5 Nd5
28. Bxg6 Kh8 29. c4 Ne7 30. Re1 Nf5 31. Bxf5 exf5 32. Qf3 Rad8 33. Qc3 Qxc3 34.
bxc3 Rfe8 35. Be3 b6 36. Bd4+ Kh7 37. Rxe8 Rxe8 38. Kf3 c5 39. Be5 Rd8 40. Re1
Rd3+ 41. Kf2 Bf8 42. a4 Kh6 43. Rg1 Rd2+ 44. Ke3 Ra2 45. g4 fxg4 46. Rxg4 Kxh5
47. Rg1 Bh6 48. Ke4 Rxa4 49. Kd5 Ra2 50. Rg8 Ra1 51. Ra8 Kg4 52. Rh8 Bxf4 53.
Rg8+ Kf3 54. Rf8 Rd1+ 55. Kc6 Ke4 56. Bxf4 Rf1 57. Bd6 Rd1 58. Bb8 Rd3 59. Rg8
Rxc3 60. Rg4+ Ke3 61. Rh4 a6 62. Be5 Rb3 1-0

[Event "MCR senioru 2014 - nad 70 let"]
[Site "?"]
[Date "2014.08.19"]
[Round "3.16"]
[White "Vlasak, Ladislav"]
[Black "Blazek, Jaroslav"]
[Result "0-1"]
[WhiteElo "1806"]
[BlackElo "1701"]
[Annotator "D"]
[PlyCount "25"]
[SourceDate "2014.08.18"]

1. e4 e5 2. Nf3 Nc6 3. Bc4 Be7 4. c3 Nf6 5. O-O O-O 6. d4 d6 7. d5 Nb8 8. Bd3
Bg4 9. Be3 Nbd7 10. b4 a5 11. Nbd2 Bh5 12. h3 Bg6 13. a3 {necitelny zapis} 0-1

[Event "MCR senioru 2014 - nad 50 let"]
[Site "Rychnov nad Kneznou"]
[Date "2014.08.20"]
[Round "5.1"]
[White "Malinovsky, Petr"]
[Black "Shilov, Sergej"]
[Result "0-1"]
[WhiteElo "1995"]
[BlackElo "2141"]
[PlyCount "136"]
[EventDate "2014.??.??"]

1. d4 d6 2. c4 e5 3. d5 f5 4. Nc3 Nf6 5. f3 Nh5 6. Be3 Be7 7. Bf2 O-O 8. e4 g6
9. g3 Nf6 10. h3 fxe4 11. fxe4 c6 12. Qc2 Qa5 13. O-O-O Na6 14. a3 Nc5 15. Be1
Qb6 16. Bg2 cxd5 17. cxd5 Nb3+ 18. Kb1 Nd4 19. Qd3 Bd7 20. Nge2 Nb3 21. Nc1 Nc5
22. Qe2 a5 23. Nd3 Nxd3 24. Qxd3 Rac8 25. g4 Ne8 26. Rf1 Nc7 27. Rxf8+ Rxf8 28.
Bf1 Bg5 29. Be2 Be3 30. h4 Bd4 31. g5 Na6 32. Rc1 Nc5 33. Qc2 Rc8 34. Ka2 Na4
35. Qb1 Nc5 36. Bd1 Be3 37. Rc2 Qb3+ 38. Ka1 Qc4 39. Rh2 Nb3+ 40. Bxb3 Qxb3 41.
Qa2 Qb6 42. Qb1 Rf8 43. Qd3 Bd4 44. h5 Qb3 45. hxg6 hxg6 46. Rh1 Bg4 47. Rf1
Bxc3 48. Rxf8+ Kxf8 49. Qf1+ Ke8 50. Bxc3 Qd1+ 51. Qxd1 Bxd1 52. Bxa5 Bf3 53.
Bd2 Bxe4 54. b4 b5 55. Kb2 Bxd5 56. Kc3 Kd7 57. Kd3 Ke6 58. Be3 Bc6 59. Bb6 d5
60. Bc7 d4 61. Bd8 Kd5 62. Bf6 e4+ 63. Kd2 Bd7 64. Kc2 e3 65. Kd3 Bf5+ 66. Ke2
Ke4 67. Be7 d3+ 68. Kd1 Bg4+ 0-1

[Event "MCR senioru 2014 - nad 50 let"]
[Site "Rychnov nad Kneznou"]
[Date "2014.08.20"]
[Round "5.2"]
[White "Urban, Zdenek"]
[Black "Papacek, Milos"]
[Result "1-0"]
[WhiteElo "2152"]
[BlackElo "1761"]
[PlyCount "45"]
[EventDate "2014.??.??"]

1. c4 Nf6 2. Nf3 d6 3. d4 g6 4. Nc3 Bg7 5. g3 O-O 6. Bg2 a5 7. O-O Nbd7 8. h3
e5 9. e4 exd4 10. Nxd4 c6 11. Be3 Nc5 12. Nb3 Nxb3 13. Qxb3 Qc7 14. Rad1 Be6
15. Bb6 Qe7 16. Rfe1 Nd7 17. Nd5 cxd5 18. exd5 Nxb6 19. Qxb6 Ra6 20. Qb5 Rb8
21. dxe6 fxe6 22. Rxe6 Qc7 23. Bd5 1-0

[Event "MCR senioru 2014 - nad 50 let"]
[Site "Rychnov nad Kneznou"]
[Date "2014.08.20"]
[Round "5.3"]
[White "Zmeskal, Stanislav"]
[Black "Lorenc, Oldrich"]
[Result "1-0"]
[WhiteElo "1691"]
[BlackElo "2081"]
[PlyCount "85"]
[EventDate "2014.??.??"]

1. e4 d6 2. d4 Nf6 3. Bd3 Nc6 4. c3 e5 5. Ne2 g6 6. O-O Bg7 7. d5 Ne7 8. c4 O-O
9. Nbc3 c6 10. Kh1 Ne8 11. Ng3 f5 12. f4 cxd5 13. cxd5 fxe4 14. Ngxe4 Nf5 15.
Bd2 a6 16. Qe1 b5 17. Rb1 Bb7 18. Ng3 Nxg3+ 19. Qxg3 Nf6 20. fxe5 Nh5 21. Rxf8+
Qxf8 22. Qg4 dxe5 23. Rf1 Qc8 24. Qf3 Qd7 25. a3 Rf8 26. Qe4 Rxf1+ 27. Bxf1 Qd6
28. Qg4 Nf4 29. Bxf4 exf4 30. Qf3 Bxc3 31. Qxc3 Bxd5 32. h3 Qc6 33. Qd4 f3 34.
g3 Kf7 35. Qa7+ Qb7 36. Qd4 h5 37. Qf4+ Ke6 38. Qe3+ Be4 39. Bd3 Ke5 40. Qc5+
Qd5 41. Qc3+ Kd6 42. Qf6+ Kc5 43. b4# 1-0

[Event "MCR senioru 2014 - nad 50 let"]
[Site "Rychnov nad Kneznou"]
[Date "2014.08.20"]
[Round "5.4"]
[White "Masek, Jan"]
[Black "Vorel, Bohuslav"]
[Result "1-0"]
[WhiteElo "1930"]
[BlackElo "1633"]
[PlyCount "69"]
[EventDate "2014.??.??"]

1. e4 c5 2. Bc4 Nc6 3. Nf3 e6 4. Qe2 Be7 5. Bb3 d6 6. c3 Nf6 7. O-O O-O 8. d4
Qc7 9. h3 b6 10. Na3 a6 11. Rd1 Bb7 12. Bc2 cxd4 13. Nxd4 Nxd4 14. cxd4 d5 15.
e5 Ne8 16. Rd3 g6 17. Bh6 Ng7 18. Rc1 Qd7 19. Rb3 b5 20. Bd2 Nf5 21. Bxf5 exf5
22. Nc2 Rac8 23. Ne1 Rxc1 24. Bxc1 Rc8 25. Be3 Rc4 26. Nd3 Qc6 27. Qd2 f6 28.
f4 a5 29. Qxa5 Ba6 30. Nb4 Bxb4 31. Rxb4 Rc1+ 32. Kh2 Rc2 33. Qd8+ Kg7 34. Qe7+
Kg8 35. exf6 1-0

[Event "MCR senioru 2014 - nad 50 let"]
[Site "Rychnov nad Kneznou"]
[Date "2014.08.20"]
[Round "5.5"]
[White "Madìra, Stanislav"]
[Black "Eliáš, Miroslav"]
[Result "0-1"]
[WhiteElo "1794"]
[BlackElo "2079"]
[PlyCount "65"]
[EventDate "2014.08.16"]

1. d4 Nf6 2. c4 g6 3. Nc3 d5 4. cxd5 Nxd5 5. e4 Nxc3 6. bxc3 Bg7 7. Bc4 c5 8.
Ne2 Nc6 9. d5 Ne5 10. Qb3 O-O 11. f4 Nxc4 12. Qxc4 b6 13. Bb2 a5 14. a4 e6 15.
Qa2 Qh4+ 16. g3 Qg4 17. Kf2 Ba6 18. c4 exd5 19. exd5 Bxb2 20. Qxb2 Bxc4 21. Nc3
Rfe8 22. Rhe1 Qf5 23. Rad1 Rxe1 24. Kxe1 Re8+ 25. Kf2 g5 26. Qb1 Qh3 27. Rh1
gxf4 28. Ne4 fxg3+ 29. Nxg3 Bxd5 30. Qg1 Kf8 31. Qf1 Qh6 32. Nf5 Qf4+ 33. Kg1
0-1

[Event "MCR senioru 2014 - nad 50 let"]
[Site "Rychnov nad Kneznou"]
[Date "2014.08.20"]
[Round "5.6"]
[White "Nisztuk, Michal"]
[Black "Vlachopulos, Georgis"]
[Result "0-1"]
[WhiteElo "1743"]
[BlackElo "1952"]
[PlyCount "101"]
[EventDate "2014.08.16"]

1. e4 g6 2. d4 Bg7 3. c4 c5 4. d5 e6 5. f4 d6 6. Nf3 Nf6 7. Nc3 O-O 8. Be2 exd5
9. cxd5 Nbd7 10. O-O b6 11. Nb5 Nxe4 12. Bd3 Ndf6 13. Re1 Re8 14. Qa4 Bd7 15.
Qc2 a6 16. Na3 Bf5 17. Nh4 Nxd5 18. Nxf5 Nb4 19. Qd1 Nxd3 20. Nxg7 Nxe1 21.
Nxe8 Qh4 22. g3 Qh3 23. Qxe1 Rxe8 24. Be3 d5 25. Rd1 d4 26. Bc1 Nf6 27. Qf1 Qe6
28. b3 b5 29. Bd2 Qd6 30. Re1 c4 31. Rxe8+ Nxe8 32. Qe1 Nf6 33. Bb4 Qc7 34. Qe5
Qxe5 35. fxe5 Nd5 36. Bc5 d3 37. Nb1 c3 38. Nxc3 Nxc3 39. Be3 Kf8 40. Kf1 Ke7
41. Ke1 Ne4 42. g4 Ke6 43. Bd4 Kd5 44. Bb2 Ng5 45. Kd2 Ke4 46. Kc3 Nf3 47. Bc1
Nxh2 48. Kb4 Nxg4 49. Ka5 h5 50. Kxa6 h4 51. Kxb5 0-1

[Event "MCR senioru 2014 - nad 50 let"]
[Site "Rychnov nad Kneznou"]
[Date "2014.08.20"]
[Round "5.8"]
[White "Doležal, Rudolf"]
[Black "Kubelová, Soòa"]
[Result "0-1"]
[WhiteElo "1829"]
[BlackElo "1624"]
[PlyCount "58"]
[EventDate "2014.08.16"]

1. d4 d5 2. Nf3 e6 3. c4 c6 4. g3 dxc4 5. a4 Nd7 6. e3 b5 7. Bg2 Qa5+ 8. Bd2 b4
9. Na3 c3 10. Nc4 cxd2+ 11. Nfxd2 Qc7 12. Rc1 Bb7 13. Qf3 Ne7 14. h4 Nd5 15.
Ne4 Be7 16. Ncd2 N7f6 17. g4 Rc8 18. Ng5 h6 19. Nh3 Qb6 20. Nc4 Qc7 21. a5 Ba6
22. Ne5 Qxa5 23. g5 Bb5 24. gxf6 Bxf6 25. Qg4 b3+ 26. Kd1 Ke7 27. Nf4 Bxe5 28.
dxe5 Nxf4 29. Qxf4 Rhd8+ 0-1

[Event "MCR senioru 2014 - nad 50 let"]
[Site "Rychnov nad Kneznou"]
[Date "2014.08.20"]
[Round "5.9"]
[White "Pøívozník, Luboš"]
[Black "Štola, Stanislav"]
[Result "1/2-1/2"]
[WhiteElo "1632"]
[BlackElo "1480"]
[PlyCount "136"]
[EventDate "2014.08.16"]

1. e4 c5 2. Nf3 d6 3. Bb5+ Bd7 4. Bxd7+ Nxd7 5. O-O Ngf6 6. Re1 e6 7. c3 Be7 8.
d4 cxd4 9. cxd4 O-O 10. Nc3 a6 11. d5 exd5 12. Nxd5 Ne5 13. Nxe7+ Qxe7 14. Bg5
h6 15. Bh4 Rac8 16. Nd4 g6 17. Qd2 Kh7 18. Qf4 Ned7 19. Re3 Qe5 20. Qxe5 dxe5
21. Ne2 g5 22. Bg3 Nh5 23. Rc3 Rxc3 24. Nxc3 Nxg3 25. hxg3 Nf6 26. f3 Rd8 27.
Rd1 Rxd1+ 28. Nxd1 g4 29. Ne3 h5 30. Kf2 Kg8 31. Nc4 Nd7 32. Ke3 b5 33. Nd6 Nc5
34. Kd2 Ne6 35. Nf5 f6 36. b3 Kf7 37. a4 bxa4 38. b4 Ng5 39. Nh4 Ke6 40. Kc3
Kd6 41. Kb2 Kc6 42. Ka3 Kb5 43. f4 Nxe4 44. fxe5 fxe5 45. Ng6 Nxg3 46. Nxe5 Ne4
47. Nd7 Nd2 48. Nf6 Nc4+ 49. Ka2 Kxb4 50. Nxh5 Ne3 51. Nf6 a3 52. g3 a5 53. Ne4
Nd1 54. Nf6 Nc3+ 55. Ka1 Kb3 56. Nxg4 a2 57. Ne3 Nb1 58. g4 Nd2 59. g5 Ka3 60.
Nc2+ Kb3 61. Nd4+ Ka3 62. g6 Ne4 63. g7 Nf6 64. Nc6 a4 65. Ne7 Kb3 66. Nd5 Ng8
67. Ne3 a3 68. Nd1 Kc2 1/2-1/2

[Event "MCR senioru 2014 - nad 50 let"]
[Site "Rychnov nad Kneznou"]
[Date "2014.08.20"]
[Round "5.10"]
[White "Volfová, Milena"]
[Black "Cvejn, Jaroslav"]
[Result "0-1"]
[WhiteElo "1607"]
[BlackElo "1733"]
[PlyCount "102"]
[EventDate "2014.08.16"]

1. e4 d5 2. exd5 Qxd5 3. Nc3 Qa5 4. Nf3 Bg4 5. Be2 Nf6 6. h3 Bh5 7. O-O e6 8.
d3 c6 9. Bd2 Qc7 10. Ng5 Bxe2 11. Qxe2 Be7 12. Nce4 h6 13. Nf3 Nbd7 14. Bc3 O-O
15. Bxf6 Nxf6 16. Nxf6+ Bxf6 17. c3 Rad8 18. d4 c5 19. Qc4 Rd5 20. dxc5 Rxc5
21. Qe2 Rd8 22. Rad1 Rcd5 23. Rxd5 Rxd5 24. Rd1 Rxd1+ 25. Qxd1 Qa5 26. Qb3 b6
27. a3 Qc5 28. Qc2 a5 29. Nd2 Be7 30. Ne4 Qe5 31. Qd3 f5 32. Qg3 Qxe4 33. Qb8+
Kf7 34. Qxb6 Qe1+ 35. Kh2 Qe5+ 36. g3 f4 37. Qc6 fxg3+ 38. fxg3 Qe2+ 39. Qg2
Qxg2+ 40. Kxg2 Bd6 41. a4 Ke7 42. Kf3 Kd7 43. g4 g5 44. Ke4 Kc6 45. Kd4 Kb6 46.
b3 Kc6 47. Kc4 e5 48. Kd3 Kd5 49. Ke3 Bc5+ 50. Kd3 e4+ 51. Ke2 Ke5 0-1

[Event "MCR senioru 2014-nad 50 let"]
[Site "Rychnov nad Kneznou"]
[Date "2014.08.20"]
[Round "5.12"]
[White "Plachetka, Milan"]
[Black "Janousek, Ladislav"]
[Result "1/2-1/2"]
[WhiteElo "1639"]
[BlackElo "1669"]
[PlyCount "47"]

1. e4 d6 2. d4 Nf6 3. Nc3 g6 4. f4 Bg7 5. Nf3 O-O 6. Bd3 c5 7. e5 Ne8 8. Be3
Nc6 9. Ne2 cxd4 10. Nexd4 Nb4 11. O-O Nxd3 12. Qxd3 d5 13. Rac1 Bd7 14. c4 dxc4
15. Qxc4 Rc8 16. Qb3 Rxc1 17. Rxc1 b6 18. e6 fxe6 19. Nxe6 Bxe6 20. Qxe6+ Kh8
21. Ne5 Nd6 22. Nc6 Qe8 23. Qxe7 Qxe7 24. Nxe7 1/2-1/2

[Event "MCR senioru 2014 - nad 60 let"]
[Site "Rychnov nad Kneznou"]
[Date "2014.08.20"]
[Round "5.1"]
[White "Mlynek, Petr"]
[Black "Jerman, Richard"]
[Result "0-1"]
[WhiteElo "2150"]
[BlackElo "2090"]
[PlyCount "50"]
[EventDate "2014.??.??"]

1. d4 Nf6 2. c4 c5 3. d5 e6 4. Nc3 exd5 5. cxd5 d6 6. e4 g6 7. f4 Bg7 8. e5
dxe5 9. fxe5 Nfd7 10. e6 Bxc3+ 11. bxc3 Qh4+ 12. g3 Qe4+ 13. Qe2 Qxe2+ 14. Bxe2
fxe6 15. dxe6 Ne5 16. Be3 Bxe6 17. Bxc5 Bd5 18. Nf3 Bxf3 19. Bxf3 Nd3+ 20. Kd2
Nxc5 21. Rae1+ Kd8 22. Re5 Nbd7 23. Rd5 Kc7 24. Kc2 Rad8 25. Bg4 b6 0-1

[Event "MCR senioru 2014 - nad 60 let"]
[Site "Rychnov nad Kneznou"]
[Date "2014.08.20"]
[Round "5.2"]
[White "Kotva, Milan"]
[Black "Grabow, Holm Pouelsten"]
[Result "1-0"]
[WhiteElo "2037"]
[BlackElo "2150"]
[PlyCount "67"]
[EventDate "2014.??.??"]

1. e4 e6 2. d4 d5 3. Nc3 Nf6 4. Bg5 Be7 5. e5 Nfd7 6. Bxe7 Qxe7 7. Bd3 a6 8. f4
c5 9. Nf3 Nc6 10. dxc5 Nxc5 11. O-O b5 12. Ne2 Bd7 13. c3 b4 14. Nfd4 bxc3 15.
bxc3 O-O 16. Bc2 f5 17. exf6 Rxf6 18. Qd2 Na5 19. Rae1 Nc4 20. Qc1 e5 21. fxe5
Rxf1+ 22. Rxf1 Qxe5 23. Qf4 Qxf4 24. Nxf4 Ne3 25. Re1 Re8 26. Bb3 Nxb3 27. axb3
Kf7 28. h3 g5 29. Nd3 Bf5 30. Nc5 a5 31. Kf2 Ng4+ 32. hxg4 Rxe1 33. Kxe1 Bxg4
34. Nc6 1-0

[Event "MCR senioru 2014 - nad 60 let"]
[Site "Rychnov nad Kneznou"]
[Date "2014.08.20"]
[Round "5.3"]
[White "Jablecnik, Gustav"]
[Black "Dolezal, Radoslav"]
[Result "1/2-1/2"]
[WhiteElo "2107"]
[BlackElo "1956"]
[PlyCount "24"]
[EventDate "2014.??.??"]

1. e4 e5 2. Nc3 Nc6 3. Bc4 Nf6 4. d3 Be7 5. a3 d6 6. Nge2 Be6 7. Nd5 Nd4 8. Be3
Nxe2 9. Nxf6+ Bxf6 10. Qxe2 O-O 11. O-O Bxc4 12. dxc4 Bg5 1/2-1/2

[Event "MCR senioru 2014 - nad 60 let"]
[Site "Rychnov nad Kneznou"]
[Date "2014.08.20"]
[Round "5.4"]
[White "Sejkora, Vlastimil"]
[Black "Chmelik, Jiri"]
[Result "1-0"]
[WhiteElo "2241"]
[BlackElo "1976"]
[PlyCount "101"]
[EventDate "2014.??.??"]

1. e4 c5 2. Nf3 d6 3. Bb5+ Nc6 4. O-O Bd7 5. a4 a6 6. Bxc6 Bxc6 7. Re1 e5 8. a5
Nf6 9. d3 Be7 10. Nbd2 O-O 11. Nc4 Bd7 12. h3 Be6 13. Bg5 Ne8 14. Qd2 Bxg5 15.
Qxg5 f6 16. Qd2 d5 17. Nb6 Rb8 18. Qc3 Qd6 19. exd5 Bxd5 20. Nd2 Rf7 21. Ne4
Bxe4 22. dxe4 Qd4 23. Qb3 Nc7 24. c3 Qd6 25. Rad1 Qe6 26. Qa3 Qc6 27. Qb3 Qe6
28. Qxe6 Nxe6 29. Rd6 Nf8 30. Red1 Rc7 31. Kf1 Kf7 32. Ke2 Re8 33. Kd3 Re6 34.
Kc4 Rc6 35. Rxc6 Rxc6 36. Rd5 Ke7 37. g3 h5 38. h4 Rc7 39. Rxc5 Rxc5+ 40. Kxc5
Ne6+ 41. Kc4 Kd6 42. b4 Nc7 43. Kd3 Nb5 44. Nd5 Na7 45. Ne3 Ke6 46. Kc4 Nb5 47.
f3 Kd7 48. Nf5 g6 49. Ne3 Kc6 50. Nd5 Nd6+ 51. Kd3 1-0

[Event "MCR senioru 2014 - nad 60 let"]
[Site "Rychnov nad Kneznou"]
[Date "2014.08.20"]
[Round "5.5"]
[White "Drabek, Miloslav"]
[Black "Pilar, Miloslav"]
[Result "1/2-1/2"]
[WhiteElo "2028"]
[BlackElo "2225"]
[PlyCount "27"]
[EventDate "2014.??.??"]

1. d4 Nf6 2. Nf3 g6 3. c4 Bg7 4. g3 O-O 5. Bg2 d6 6. O-O Nbd7 7. Nc3 e5 8. e4
a6 9. Rb1 Rb8 10. h3 exd4 11. Nxd4 Ne5 12. b3 Bd7 13. Be3 Nc6 14. Nde2 1/2-1/2

[Event "MCR senioru 2014 - nad 60 let"]
[Site "Rychnov nad Kneznou"]
[Date "2014.08.20"]
[Round "5.6"]
[White "Jirasek, Jiri"]
[Black "Novotny, Josef"]
[Result "1-0"]
[WhiteElo "1898"]
[BlackElo "2134"]
[PlyCount "69"]
[EventDate "2014.??.??"]

1. d4 e6 2. e4 d6 3. Nc3 b6 4. Be3 Bb7 5. Qd2 Nd7 6. f3 g6 7. Nge2 Bg7 8. O-O-O
h6 9. Kb1 Ne7 10. Nf4 a6 11. Bc4 Nf8 12. d5 e5 13. Nd3 Nd7 14. g3 Rc8 15. Bb3
b5 16. Rhf1 f5 17. Qg2 c5 18. dxc6 Rxc6 19. Nb4 Rxc3 20. bxc3 a5 21. Rxd6 axb4
22. Be6 Bc8 23. Rfd1 bxc3 24. Ka1 Qa5 25. Bxd7+ Bxd7 26. Rxd7 Nc6 27. Rxg7 Rf8
28. exf5 e4 29. fxe4 Rf6 30. e5 Nb4 31. Rg8+ Kf7 32. Qa8 Nxc2+ 33. Kb1 Qxa8 34.
Rxa8 Nxe3 35. Rd7# 1-0

[Event "MCR senioru 2014 - nad 60 let"]
[Site "Rychnov nad Kneznou"]
[Date "2014.08.20"]
[Round "5.7"]
[White "Juricek, Stanislav"]
[Black "Zboril, Jaroslav"]
[Result "1/2-1/2"]
[WhiteElo "2131"]
[BlackElo "1973"]
[PlyCount "22"]
[EventDate "2014.??.??"]

1. e4 d6 2. d4 Nf6 3. Nc3 e5 4. Nf3 Nbd7 5. Bc4 Be7 6. O-O O-O 7. Re1 c6 8. a4
a5 9. h3 exd4 10. Qxd4 Nc5 11. Bf4 Ncxe4 1/2-1/2

[Event "MCR senioru 2014 - nad 60 let"]
[Site "Rychnov nad Kneznou"]
[Date "2014.08.20"]
[Round "5.8"]
[White "Koci, Ladislav"]
[Black "Janda, Zdenek"]
[Result "0-1"]
[WhiteElo "1915"]
[BlackElo "2183"]
[PlyCount "66"]
[EventDate "2014.??.??"]

1. d4 Nf6 2. c4 d6 3. Nf3 g6 4. Nc3 Bg7 5. g3 Nbd7 6. Bg2 O-O 7. O-O c6 8. e4
e5 9. d5 cxd5 10. cxd5 Nc5 11. Re1 a5 12. Bg5 h6 13. Bxf6 Bxf6 14. Na4 b6 15.
Nxc5 bxc5 16. Nd2 Bd7 17. Bf1 Qc7 18. Nc4 Bg7 19. a4 Rab8 20. Ra3 Rb4 21. Ree3
f5 22. Reb3 Bxa4 23. Rxa4 Rxa4 24. Rb6 Rxc4 25. Rc6 Rd4 26. Qxd4 Qxc6 27. dxc6
exd4 28. Bc4+ Kh8 29. Be6 fxe4 30. Kf1 c4 31. c7 d3 32. c8=Q Rxc8 33. Bxc8 Bxb2
0-1

[Event "MCR senioru 2014 - nad 60 let"]
[Site "Rychnov nad Kneznou"]
[Date "2014.08.20"]
[Round "5.9"]
[White "Uhmann, Jan"]
[Black "Lexa, Vaclav"]
[Result "1/2-1/2"]
[WhiteElo "2094"]
[BlackElo "1900"]
[PlyCount "123"]
[EventDate "2014.??.??"]

1. d4 d5 2. Bg5 Nf6 3. Bxf6 exf6 4. e3 Bd6 5. c4 dxc4 6. Bxc4 c6 7. Nc3 f5 8.
Nge2 Nd7 9. O-O Nf6 10. Bd3 O-O 11. Qc2 g6 12. h3 Re8 13. a3 Bd7 14. b4 Rc8 15.
Rac1 Qe7 16. Nd1 Nh5 17. f4 Nf6 18. Nec3 a5 19. bxa5 Bxa3 20. Ra1 Bb4 21. Na4
Nd5 22. Nb6 Nxb6 23. axb6 c5 24. d5 c4 25. Be2 Bc5 26. Rf3 Bxb6 27. Rb1 Qc5 28.
Kh1 Ba5 29. Rxb7 Qxd5 30. Ra7 Bd2 31. Bxc4 Rxc4 32. Rxd7 Rxc2 33. Rxd5 Bc1 34.
Kg1 Rd2 35. Rxd2 Bxd2 36. Kf2 Rd8 37. Ke2 Ba5 38. Rf1 h5 39. h4 Rd2+ 40. Kf3
Kg7 41. Nf2 Bb6 42. Rd1 Rxd1 43. Nxd1 Bd8 44. g3 Bf6 45. Nf2 Bc3 46. Nd3 Ba5
47. Ke2 Bc3 48. Nc1 Kf6 49. Kf3 Ke6 50. Ne2 Ba5 51. e4 fxe4+ 52. Kxe4 f5+ 53.
Kf3 Bb6 54. Nc1 Bc5 55. Nd3 Bd4 56. Ke2 Kd5 57. Ne1 Ke6 58. Nf3 Ba7 59. Ne5 Kf6
60. Kf3 Bg1 61. Ke2 Bd4 62. Nf3 1/2-1/2

[Event "MCR senioru 2014 - nad 60 let"]
[Site "Rychnov nad Kneznou"]
[Date "2014.08.20"]
[Round "5.10"]
[White "Hastik, Svatopluk"]
[Black "Miciak, Emanuel"]
[Result "1/2-1/2"]
[WhiteElo "2075"]
[BlackElo "1865"]
[PlyCount "89"]
[EventDate "2014.??.??"]

1. d4 d5 2. c4 e6 3. Nc3 c6 4. Nf3 f5 5. Bg5 Be7 6. Bxe7 Qxe7 7. e3 Nf6 8. Qc2
O-O 9. Bd3 Ne4 10. O-O Nd7 11. Rfe1 Rf6 12. Nd2 Rh6 13. Nf1 Ndf6 14. f3 Nxc3
15. bxc3 Bd7 16. Rab1 Be8 17. cxd5 cxd5 18. Qb3 Bc6 19. Rb2 g5 20. Rbe2 g4 21.
Qc2 Kh8 22. f4 Rg6 23. Ng3 Ne4 24. Bxe4 dxe4 25. c4 h5 26. d5 h4 27. Qc3+ Kg8
28. dxc6 hxg3 29. hxg3 bxc6 30. Rb2 Kh7 31. Reb1 Rg7 32. Kf2 Kg6 33. Qe5 Rd8
34. Ke2 Qd6 35. Qxd6 Rxd6 36. Rb7 Rgd7 37. Rxd7 Rxd7 38. a4 Kf6 39. a5 Ke7 40.
c5 Kd8 41. a6 Kc8 42. Rd1 Rd5 43. Rxd5 exd5 44. Kd2 Kd7 45. Kc3 1/2-1/2

[Event "MCR senioru 2014 - nad 60 let"]
[Site "Rychnov nad Knìžnou"]
[Date "2014.08.20"]
[Round "5.11"]
[White "Trojan, Luboš"]
[Black "Milián, Milan"]
[Result "1/2-1/2"]
[WhiteElo "2032"]
[BlackElo "1861"]
[PlyCount "38"]
[EventDate "2014.08.16"]

1. Nf3 Nf6 2. d4 d5 3. e3 Bf5 4. Nbd2 e6 5. Ne5 Nbd7 6. f4 Be7 7. Be2 c6 8.
Ndf3 h6 9. O-O O-O 10. Bd3 Bxd3 11. Qxd3 Ne4 12. Nxd7 Qxd7 13. Ne5 Qe8 14. Bd2
f6 15. Nf3 Qh5 16. Be1 g5 17. h3 Kg7 18. Nh2 Bd6 19. Qd1 Qg6 1/2-1/2

[Event "MCR senioru 2014 - nad 60 let"]
[Site "Rychnov nad Knìžnou"]
[Date "2014.08.20"]
[Round "5.12"]
[White "Just, Pavel"]
[Black "Glöckner, Jaromír"]
[Result "1-0"]
[WhiteElo "2013"]
[BlackElo "1848"]
[PlyCount "54"]
[EventDate "2014.08.16"]

1. e4 c6 2. d4 d5 3. f3 dxe4 4. fxe4 e5 5. Nf3 exd4 6. Bc4 d3 7. cxd3 Be7 8.
Qb3 Qb6 9. Bxf7+ Kf8 10. Rf1 Bb4+ 11. Nc3 Nf6 12. Bc4 Ke7 13. e5 Ng4 14. Bg5+
Kd7 15. Be6+ Kc7 16. Bxc8 Rxc8 17. Qf7+ Nd7 18. e6 Bxc3+ 19. bxc3 Qb2 20. Qxd7+
Kb6 21. Rc1 h6 22. Qd4+ c5 23. Qxg4 hxg5 24. Qxg5 Re8 25. Qd2 Qb5 26. Kf2 Qc6
27. Rb1+ Ka6 1-0